000
00406nam a2200157Ia 4500
008
100122s9999 xx 000 0 und d
082
_b
59090
_a
823.08
100
_a
देवधर ज्योत्स्ना
245
_a
गजगे
250
_a
2
260
_b
शकुन प्रकाशन
_c
1983
300
_a
174
630
_a
गजगे
730
_a
गजगे
942
_c
BOOK
999
_c
434763
_d
434760